[Event "EU-ch 2nd"]
[Site "Ohrid"]
[Date "2001.06.12"]
[Round "11"]
[White "Aseev, Konstantin N"]
[Black "Ponomariov, Ruslan"]
[Result "0-1"]
[WhiteElo "2577"]
[BlackElo "2673"]
[Annotator "Stohl,I"]
[PlyCount "126"]
[EventDate "2001.06.01"]
[EventType "swiss"]
[EventRounds "13"]
[EventCountry "YUG"]
[SourceTitle "CBM 084"]
[Source "ChessBase"]
[SourceDate "2001.09.13"]
[SourceVersion "1"]
[SourceVersionDate "2001.09.13"]
[SourceQuality "1"]

1. d4 Nf6 2. c4 c5 3. d5 b5 4. cxb5 a6 5. bxa6 g6 6. Nc3 Bxa6 7. g3 {The
fianchetto system of the Accepted Volgam Gambit was very popular in the
European Championship, with White scoring well in this line (our game was the
only loss, Ruck-Ehlvest the only draw).} (7. Nf3 d6 8. g3 Nbd7 9. Bg2 Bg7 10.
Rb1 $5 (10. O-O Nb6 11. Re1 O-O 12. e4 (12. Bf4 $142) 12... Nfd7 13. Qc2 Nc4
14. Bf4 Qa5 15. Rac1 Rfb8 16. b3 Nce5 17. Red1 Nxf3+ 18. Bxf3 c4 19. bxc4 Bxc4
20. Ne2 Bb5 21. Nd4 Ba4 22. Nb3 Qb4 23. Qd2 Qa3 $11 {Ruck,R-Ehlvest,J/EU-ch
Ohrid/2001/}) 10... Nb6 11. b3 Bc8 (11... O-O 12. O-O Ra7 13. Re1 e6 14. dxe6
fxe6 15. Bh3 Re7 16. Ng5 Bc8 17. Nge4 $16 d5 18. Nxc5 e5 19. Bg2 e4 20. N5a4
Nxa4 21. bxa4 Qd6 22. Rb5 d4 23. Qb3+ Kh8 24. Ba3 $18 {Neverov,V-Gunnarsson,J/
EU-ch Ohrid/2001/}) 12. Nh4 h6 13. Qc2 Qd7 14. O-O (14. Bd2 $142 $1 g5 15. Nf3
Nfxd5 16. Nxd5 Nxd5 17. Nxg5 $14) 14... g5 15. Nf3 Nfxd5 16. Nxd5 Nxd5 17. Bd2
(17. Nxg5 $2 hxg5 18. Bxd5 Qh3 $19) 17... Bb7 18. a4 Rc8 19. Rbd1 Nf6 20. Ne1
Rb8 21. Bc3 $13 {Epishin,V-Halkias,S/EU-ch Ohrid/2001/}) 7... d6 8. Bg2 Bg7 9.
Nh3 {A speciality of the St.Petersburg players (Aseev, Ionov, Sakaev, S.Ivanov
etc.). By developing the N to h3 White takes the sting out of Nb6 (Pd5 is
protected, thus enabling Qc2 and Rd1). On the other hand here the N is not so
active as on f3, if White plays Nf4 later on Black's Ne5 becomes unassailable.}
(9. Nf3 O-O $6 (9... Nbd7 10. O-O Nb6 {is the right move order, transposing
into the above note.}) 10. O-O Nbd7 11. Rb1 (11. Qc2 Ne8 (11... Ra7 12. Rd1 Qa8
13. Nd2 Nb6 14. Nf1 Rb8 15. Ne3 Nc4 16. b3 Nxe3 17. Bxe3 Bc8 18. Bd2 Ra3 19.
Rab1 Bf5 20. e4 Bd7 21. h3 Ne8 22. Bc1 Ra7 23. Bb2 Rb6 24. Bf1 h5 25. h4 Qb8
26. Ba1 Rab7 27. Bc4 Nf6 28. f3 Be8 29. Kg2 Ra7 30. a4 Ra8 31. Re1 Nd7 32. f4
$36 {Hulak,K-Djuric,S/EU-ch Ohrid/2001/}) 12. Rd1 Nc7 13. Bf4 Nb5 14. Nxb5 Bxb5
15. a4 Ba6 16. Rab1 Qb6 17. b3 Qb4 18. Bd2 Qb7 19. e4 Be2 20. Re1 Qa6 21. Bf1
Bxf1 22. Rxf1 Rfc8 23. a5 $14 {Bareev,E-Miton,K/Warsaw SuperCup/2001/}) 11...
Qa5 12. Qc2 (12. Bd2 Nb6 13. b3 Nfd7 14. Qc2 c4 $6 15. b4 Qa3 16. e4 Bb7 17.
Rfc1 Rfc8 18. Qd1 Ne5 19. Nxe5 Bxe5 20. Rc2 Rcb8 21. Bc1 Qa6 22. Be3 Bc8 23.
Bd4 $16 {Zueger,B-Gicov,Z/EU-ch Ohrid/2001/}) 12... Rfb8 13. Rd1 Ne8 14. Bg5
Kf8 15. Qd2 Nc7 16. Qe3 Nf6 17. Bh6 Ng8 18. Bxg7+ Kxg7 19. a3 Bc8 20. Nd2 Nb5
21. Nc4 Qa6 22. Nxb5 Qxb5 23. b3 Bd7 24. Qc3+ f6 25. e4 Qa6 26. Bf1 Bb5 27. a4
Bxc4 28. Bxc4 Qa5 29. Qxa5 Rxa5 30. Bb5 Nh6 31. b4 $16 {Atalik,S-Ilic,L/EU-ch
Ohrid/2001/}) 9... O-O 10. O-O Nbd7 11. Qc2 (11. Bd2 Qa5 {A typical move.} (
11... Ra7 {immediately is also better than}) (11... Nb6 $6 {Black only spends
time to force a move White wants to make anyway.} 12. b3 Bb7 13. e4 Nfd7 14.
Nf4 Ne5 15. Re1 Ba6 16. Rc1 Qd7 17. h3 Rfb8 18. Be3 Ra7 19. Qd2 Na8 20. Rc2
Rab7 21. Rec1 Nc7 22. Qd1 c4 23. Nb1 $1 cxb3 24. axb3 Bb5 25. Na3 Ba6 26. Nc4
$16 {Aseev,K-De Vreugt,D/EU-ch Ohrid/2001/}) 12. Qc2 Rfb8 (12... Ne5 13. a3 Nc4
14. Be1 Bc8 15. b3 Bxh3 16. Bxh3 Ne5 17. a4 c4 18. Nb5 cxb3 19. Qxb3 Qb6 20.
Bg2 Nfd7 21. Bd2 Nc5 22. Qb4 Rfb8 {Aleksandrov,A-Van der Weide,K/Senden/1999/}
23. Be3 $14) 13. b3 (13. Rab1 c4 $5 14. Rfd1 (14. b3 cxb3 15. Rxb3 Rc8 $132)
14... Ne5 15. Ng5 Bc8 16. Nge4 Ne8 17. h3 Bf5 18. Bg5 Rb7 19. g4 Bxe4 20. Bxe4
Rab8 21. Kg2 Nf6 22. f4 Ned7 23. Bf3 Nc5 24. Bh4 Kf8 25. Bf2 Rb4 26. Bd4 Nfd7
27. Qd2 Na4 $44 {Ivanov,S-Sivokho,S/St. Petersburg/1999/}) 13... Ne5 14. Ng5 h6
15. Nge4 Bc8 16. Rab1 Ne8 17. a4 Nc7 18. Nb5 Qb6 19. Nxc7 Qxc7 20. Bc3 Qa7 21.
Nd2 Bd7 22. Bxe5 $5 Bxe5 23. Nc4 $36 {Solozhenkin,E-Salmensuu,O/Helsinki/2001/}
) 11... Ra7 {Ponomariov uses a rare setup to put White's << under pressure.} (
11... Qa5 {is the most usual method, after} 12. Bd2 {the play often transposes
into one of the above examples.}) 12. b3 (12. Nf4 $143 Ne5 13. b3 Qa8 14. Rb1
Rb8 15. a4 Rab7 16. Ba3 Qa7 (16... Rb6 $1 {/\Qb7|^}) 17. Rfd1 h5 18. Ne4 Nfg4
19. h3 Nh6 20. e3 Rb6 21. Bf1 Bc8 22. Nc3 Bf5 23. e4 Bd7 24. Kg2 $14 {Paramos
Dominguez,R-Carrasco Martinez,J/Mondariz/1996/}) 12... Qa8 13. Rb1 Rb8 14. Rd1
({It's still too early for} 14. a4 Rab7 {[%cal Yb7b6,Ya8b7] /\Rb6,Qb7 and
White doesn't have enough control over b5.}) (14. Bd2 $142 Rab7 15. Rfc1 {
would have saved a tempo, compared with the game. This perhaps gives White
chances for an edge.}) 14... Rab7 (14... Ne8 15. a4 (15. Bd2 $142) 15... Rab7
16. Na2 Rb6 17. Be3 Ne5 $132 18. b4 $6 Nc4 19. Bxc5 {Kadimova,I-Guzkowska,M/
Moscow olw/1994/} dxc5 20. d6 Qa7 21. d7 Na3 $1 22. Qxc5 Nd6 23. Rb3 Qxd7 24.
Rxa3 Bb2 $36) 15. Bd2 c4 $1 16. Rdc1 $146 (16. Be3 cxb3 17. axb3 Rc7 18. Qd2
Qb7 19. Bd4 Qb4 20. Na4 Rcb7 21. Qa2 Ng4 22. Bxg7 Kxg7 23. Qa1+ Ngf6 24. Nf4
Ne5 $44 {Pedersen,N-Carrasco Martinez,J/WChJ Zagan/1997/}) 16... Nc5 17. bxc4
Bxc4 $132 {[%mdl 4] Ponomariov has effectively deployed his forces, because of
Black's activity the extra P isn't much felt.} 18. Nf4 Qa6 (18... Nfd7 $44 {
is similar.}) 19. Rxb7 Rxb7 20. Rb1 Rxb1+ 21. Qxb1 Nfd7 22. Qc2 Qa3 $5 (22...
Bxc3 23. Bxc3 Qxa2 24. Qxa2 Bxa2 25. h4 $11 {/+/= Black doesn't hurry with
regaining the pawn, which would give White a small advantage.}) 23. h4 Ne5 24.
Bc1 Qa7 {[%cal Re5g4] /\Ng4|^} (24... Nf3+ 25. Bxf3 Qxc3 26. Qxc3 Bxc3 27. a3
$14) 25. Bh3 Qa5 26. Bd2 Qa3 27. Kf1 $2 {[%mdl 8192] After this oversight the
advantage passes to Black. Aseev was probably negatively influenced by having
the prearranged draw turned down shortly before the game, which gave him only
about an hour to prepare.} (27. Bc1 Nf3+ 28. exf3 Qxc3 29. Qxc3 Bxc3 30. a3 Be5
$11 {regains the P shortly.}) (27. Kg2 $5 {but anyway it's hard to see how
White can make any progress.}) 27... Nf3 $1 28. Nd1 (28. Nb1 Nxd2+ 29. Nxd2 (
29. Qxd2 Qxa2 $15 (29... Qa8 {/\} 30. a3 $6 e5 $1 $36)) 29... Bxa2 $15) 28...
Nxd2+ 29. Qxd2 Bxa2 $36 {[%csl Ga2,Rd5,Gg7] ^^,(),><d5 Black has retained his
piece activity, which gives him an advantage.} 30. Bg2 Bb3 31. Ne3 Ba4 {
[%cal Rg7c3] /\Bc3-+} 32. Qa5 Qa1+ (32... Bf6 $5 $15) 33. Qe1 Qb2 34. Bf3 Nb3
$1 (34... Bc3 $143 $6 35. Nd1 $11 {exchanges one of the B and squanders
Black's edge.}) 35. Kg2 Nd2 36. Nd3 Qc3 37. Qc1 Qxc1 38. Nxc1 Bb5 (38... f5 39.
g4 $5 $15 {<=>}) 39. Nf1 Nb1 $5 {[%mdl 4096] Even in the _|_ Black still wants
to keep his activity and the tension on the board.} (39... Nxf3 40. Kxf3 $15 {
is also promising, but perhaps not enough to win.}) 40. Nb3 (40. e4 Nc3 $36) (
40. Na2 $142 $5 {[%cal Ya2b4,Yb4c6] /\Nb4-c6}) 40... Nc3 41. e4 Bd3 42. Nfd2
Bh6 $17 {White is running out of moves.} 43. Kg1 f5 44. exf5 Bxf5 (44... gxf5
$142 {[%csl Rd5][%cal Rd3a6,Ra6b7] ><d5,/\Ba6-b7} 45. Nf1 Be4 46. Bxe4 fxe4 $17
) 45. Bg2 Bc8 $6 (45... Kf7 $142 $1) 46. Ne4 $1 {White frees himself by a
simple tactic.} Bg7 (46... Nxd5 47. Nxd6 exd6 48. Bxd5+ $11) 47. Nxc3 (47. Na5
$1 $132 {= activating the N via c6}) 47... Bxc3 48. Nc1 Kf7 49. Be4 h6 50. Nd3
g5 51. hxg5 hxg5 52. Kf1 Ke8 53. Ke2 Kd8 54. f4 g4 $5 {Tries to keep his
winning chances alive.} (54... gxf4 55. Nxf4 $11) 55. Ke3 Kc7 56. Bg6 (56. Nf2
$142 {[%csl Rg4] ><g4} Kb6 57. f5 Be1 58. Nxg4 Bxg3 59. Kd4 $11) 56... Kb6 57.
Be8 (57. Nf2 $11) 57... Bf5 58. Bf7 (58. Nf2 Bb4 59. Bh5 (59. Ne4 $5 $11) 59...
Bc5+ 60. Ke2 Bxf2 61. Kxf2 Kc5 62. Bf7 Kd4 63. Ke2 Be4 64. Be6 Bf3+ 65. Kd2 $11
{But even after Black activates his K the _|_ still should be a draw!}) 58...
Kb5 59. Be6 $6 Bxe6 60. dxe6 Kc4 61. f5 $2 (61. Ke4 $8 d5+ (61... Bd4 $2 62.
Nb4 $1 {[%cal Rb4d5] /\Nd5+-}) 62. Ke3 Bd4+ 63. Ke2 Kb5 64. f5 $11) 61... Bd4+
62. Ke2 Kd5 $1 $19 {[%cal Rd5e4] The crucial difference, now the K invades.}
63. Nf4+ Ke5 (63... Ke5 64. Ng6+ Kf6 (64... Kxf5 65. Nxe7+ Kxe6 66. Nc6 Bc3 $19
) 65. Kd3 Bf2 66. Ke4 Bxg3 67. Nf8 d5+ $19) (63... Ke4 $142 $1 64. Ng6 Bf6 $19
{is even simpler. (Perhaps a mistake in the game score?)}) 0-1

[Event "Corus-B"]
[Site "Wijk aan Zee"]
[Date "2000.01.20"]
[Round "3"]
[White "Avrukh, Boris"]
[Black "Hendriks, Willy"]
[Result "1-0"]
[WhiteElo "2620"]
[BlackElo "2385"]
[Annotator "Avrukh,B"]
[PlyCount "71"]
[EventDate "2000.01.18"]
[EventType "tourn"]
[EventRounds "11"]
[EventCountry "NED"]
[EventCategory "11"]
[SourceTitle "CBM 075"]
[Source "ChessBase"]
[SourceDate "2000.04.05"]
[SourceVersion "1"]
[SourceVersionDate "2000.04.05"]
[SourceQuality "1"]

1. d4 Nf6 2. c4 c5 3. d5 b5 4. cxb5 a6 5. bxa6 g6 6. Nc3 Bxa6 7. g3 d6 8. Bg2
Bg7 9. Nf3 Nbd7 10. Rb1 (10. O-O Nb6 $1) 10... O-O (10... Nb6 11. b3 Bb7 12.
Nh4 Ra5 13. O-O Qa8 14. Bd2 {[%csl Ga5]} O-O 15. a4 Ra6 16. e4 e6 17. dxe6 fxe6
18. Re1 Nbd7 $14 {Manor,I-Hansen,L/EU-chJ Groningen/1986/ (22)}) 11. O-O Ne8 $6
{I think this game shows a big problems for black in line with 11...Ne8 and in
my opinion black must switch to other moves.} (11... Nb6 12. b3 Ra7 (12... Ne8
13. Bb2 Nc7 14. Nh4 Qd7 $6 (14... Bxc3 $1 15. Bxc3 Bb7 16. e4 Nb5 $1 17. Ba1
Rxa2 $11) 15. Qd2 Ra7 16. Rfe1 Nb5 17. Nxb5 Qxb5 18. Bxg7 Kxg7 19. a4 $16 {
Pytel,K-Bielczyk,J/Augustow/1975/ (23)}) (12... Qc7 13. Re1 Qb7 (13... Rae8 14.
e4 e6 15. dxe6 fxe6 16. Bf4 $16) 14. e4 Ng4 15. Qc2 (15. Bb2 $5) 15... Nd7 {
[%cal Gd7e5]} 16. Rd1 Rfb8 17. h3 Nge5 18. Nxe5 Bxe5 (18... Nxe5 19. f4 Nd7 20.
Be3 $16) 19. a4 Qc8 20. Bd2 Ra7 21. Bf1 Bxf1 22. Rxf1 Nf6 {[%csl Gh3]} 23. Kg2
Ne8 24. Nb5 Rab7 {[%cal Ge8c7]} 25. f4 Bg7 $44 {/\Raa4,f5<=>,Skomorokhin,
R-Mayr,K/Berlin op/ 1994/ (30)}) 13. a4 (13. Re1 e6 (13... Qa8 14. e4 Ng4 (
14... Rb8 $142 {/\Ne8-c7}) 15. Bb2 Nd7 16. a4 Rb8 17. Bf1 $1 Bxf1 18. Rxf1 Nge5
19. Nxe5 Nxe5 20. Nb5 Rab7 21. Bxe5 Bxe5 22. h4 $16 {Antic,D-Perunovic,M/Nis/
1995/}) (13... Bb7 $5 14. e4 Ng4 $132) 14. dxe6 fxe6 15. Ng5 Re7 16. Bh3 Bc8
17. Nce4 Nfd5 18. Bb2 h6 19. Nf3 Bb7 $14 {1-0 Konnov,O-Dolomatov,N/Ufa 1999/
CBM 70 ext (41)}) 13... Qa8 14. Nh4 Rb8 15. Bb2 (15. Re1) 15... Nbd7 (15... c4
16. b4 Bb7 17. a5 Nbxd5 18. Nb5 Ne3 19. Qd4 Nxf1 $6 (19... Bxg2) 20. Qxa7 Bxg2
21. Nxg2 Qxa7 22. Nxa7 Nd2 23. Nc6 Nd7 24. Nxb8 Nxb8 25. Rd1 c3 26. Bc1 $18 {
Baburin,A-Riemersma,L/Cappelle la Grande op/ 1996/}) 16. Ba1 Ne5 (16... Rb4 {
[%cal Gc5c4]} 17. Na2 Rb8 18. Re1 $14) 17. Qc2 Rab7 18. Rfd1 {1-0 Piket,
J-Topalov,V/Wijk aan Zee 1999/CBM 69/[Stohl] (44)}) (11... Qb6 12. b3 Rab8 13.
Qc2 Rfc8 14. Bd2 e6 15. dxe6 fxe6 16. Rfd1 d5 17. Bf4 Ra8 18. Ne5 Bb7 19. Nc4
$1 Qa6 (19... dxc4 20. bxc4 {[%cal Gb1b7]}) 20. Nd6 Rf8 21. Nxb7 Qxb7 22. Bd6 (
22. a4 $1 {[%cal Gc3b5]}) 22... Rf7 23. e4 Ng4 $132 {0-1 Piket,J-Baklan,V/
Neukoelln GER 1999 (37)}) 12. Re1 $1 $146 {[%mdl 8] This move is a srong
improvement to compare with previous game,where black get a good play after:} (
12. Qc2 Nc7 {[%csl Gd5]} 13. Rd1 Bxc3 14. Qxc3 (14. bxc3 Bc4 15. Bh6 Re8 $13 {
[%csl Ga2,Gd5]}) 14... Bxe2 15. Bh6 Nf6 16. Rd2 Bxf3 17. Bxf3 Re8 18. a3 Qd7 {
[%cal Gc7b5,Gb5d4] 1/2-1/2 Illescas Cordoba,M-Stanojoski,Z/Batumi GEO 1999 (45)
}) 12... Nc7 13. e4 Nb5 (13... Bc4 14. a3 (14. a4 Na6 $1 {[%csl Gd3][%cal
Ga6b4]}) 14... Qb8 (14... Nb5 $143 15. Nxb5 Bxb5 16. b4 $16) (14... Rb8 15. Bf4
) 15. Bf4 $14 {[%cal Ge4e5]}) 14. Ne2 $1 {[%mdl 32] The key move in my opening
srategy.White knight controlles d4-square and the most imortant fact-black
knight only disturb to black piecies to play on the queenside.} (14. Nxb5 Bxb5
15. a3 Qc7 {[%cal Gf8b8]} 16. b3 (16. b4 $140 c4 17. Nd4 Ba4 18. Qd2 c3 19. Qe3
Qc4 $1 $36 {[%cal Gc4a2]}) 16... Rfb8 $44 {[%csl Ga3,Gb3]}) 14... Qb6 (14...
Nf6 15. e5 (15. Nf4 $5) 15... dxe5 16. Nxe5 Bb7 {[%csl Ga2,Gd5]} 17. Nf4 Nd4
$132 (17... Rxa2 $143 18. Qb3 Qa5 19. Be3 $16)) 15. Be3 (15. b4 cxb4 16. Rxb4
Qa5 $1 17. Ra4 Qc7 $44 {[%csl Ga4]}) 15... Rfb8 16. a4 Nc7 $1 (16... Na3 17. a5
$1 Qb7 18. bxa3 Qxb1 19. Qxb1 Rxb1 20. Rxb1 Bxe2 21. Rb7 Nf6 22. Rxe7 (22. e5
$2 Nxd5 23. exd6 exd6 24. Ng5 Nxe3 25. fxe3 Rxa5) (22. Nd2 Ng4 $1 (22... Rxa5
23. Rb8+ Bf8 24. Bh6 Nd7 25. Rd8) 23. Bf1 (23. Bf4) (23. Bg5 f6) 23... Bxf1 24.
Nxf1 Rxa5 (24... Nxe3 $2 25. Nxe3 Rxa5 26. Nc4 Ra4 27. Nb6 Rxe4 28. Rb8+ Bf8
29. Nd7 $18)) 22... Rxa5 23. e5 $1 (23. Ng5 Ng4 $1 (23... Rxa3 24. h3 Bh6 25.
Nxf7) 24. Re8+ Bf8 25. Bc1 Rb5 26. f3 Rb1 (26... Nf6 27. Ra8 Rb1 28. Kf2 Rxc1
29. Kxe2) 27. fxg4 Rxc1+ 28. Kf2 Rc2 $11) 23... Rxa3 24. h3 dxe5 (24... Bxf3
25. exf6 $18) 25. Nxe5 $16 {[%csl Gc5,Gf7]}) 17. b4 Bxe2 18. Qxe2 (18. Rxe2 Qa6
$132) 18... Rxa4 19. Bh3 $1 Ne5 (19... Nf6 20. bxc5 Qxb1 21. Rxb1 Rxb1+ 22. Kg2
Nxe4 23. Bd4 $3 (23. Qc2 $2 Nc3 $17) (23. cxd6 Nxd5 $1 (23... exd6 24. Bd4 Bxd4
25. Qxe4 Rbb4 26. Qe7 Nxd5 27. Qe8+ Kg7 28. Ng5 Ra7 29. Bd7 Nf6 30. Qxf7+ Kh6
31. Ne6 Rxd7 32. Qf8+ Kh5 33. Nxd4 Rxd4 34. Qxf6 $18 {[%csl Gh5]}) 24. Bd4 Nxd6
25. Bxg7 Kxg7 26. Qd3 Rb5 27. Bd7 Rab4 28. Bxb5 Rxb5 $11) 23... Rxd4 (23... f5
24. cxd6 Nxd5 (24... exd6 25. Bxg7 Kxg7 26. Qc2 {[%csl Ga4,Gb1,Gc7]}) 25. Qd3
$1 $18 {[%csl Gb1,Gd5][%cal Gd4g7]} (25. d7 Rb8 26. Bxg7 Kxg7 27. Ng5 Nxg5 28.
Qe5+ Nf6 29. Qxb8 Nxd7 30. Qe8 Rd4 31. Qxe7+ Kh6)) (23... Bxd4 24. Qxe4 Rbb4
25. Qxe7 Nxd5 26. Qe8+ Kg7 27. cxd6 $18) 24. Nxd4 Nxc5 25. Qxe7 Nxd5 26. Qe8+
Bf8 27. Ne6 $16) (19... Rxb4 20. Rxb4 Qxb4 21. Bxd7 Qxe4 22. Bg5 (22. Bc6 Nxd5)
22... Qxe2 23. Rxe2 Nxd5 24. Bxe7 Nxe7 25. Rxe7 Kf8 $1 26. Re2 $16) 20. Nd2 $1
{[%cal Gb4c5,Gf2f4]} (20. Nxe5 $2 Bxe5 21. bxc5 Qxb1 22. Rxb1 Rxb1+ 23. Kg2
Rxe4 $17) 20... Rxb4 (20... Qa6 21. Qxa6 Nxa6 22. bxc5 Rxb1 23. Rxb1 dxc5 24.
Rb7 $1 (24. Bc8 $5 {[%csl Gc5]}) (24. f4 $2 Nd3 25. e5 Nab4 $11) 24... Ra1+ (
24... c4 25. Rxe7 {[%cal Ge7e8]} Kf8 26. Ra7 c3 27. Nb3 Nc4 (27... c2 28. Bf1
$18) 28. d6 Nxd6 29. Bf1 $18) 25. Kg2 Nd3 {[%cal Gd3e1]} 26. Bc8 Ne1+ 27. Kh3
Nc2 28. Bg5 $18) 21. Rxb4 Qxb4 22. f4 c4 $2 ({Of course more stubborn was} 
22... Nb5 23. fxe5 Bxe5 24. Rf1 $1 $16 {[%csl Gf7] and white piece must be
desicive in future.} Bd4 25. Kh1) 23. fxe5 c3 24. Nc4 ({More easy} 24. Rb1 $142
$1 c2 (24... Qxb1+ 25. Nxb1 Rxb1+ 26. Bf1 Bxe5 27. Qc4 $18) 25. Rxb4 c1=Q+ 26.
Nf1 $18 {[%cal Ge3c1]}) 24... dxe5 25. Qd3 Na6 26. Kf1 Nc5 27. Bxc5 Qxc5 28.
Rc1 Bh6 29. Rxc3 Rb4 30. Bg4 (30. Nxe5 Rb1+ 31. Qxb1 Qxc3 32. Nd3 $18) 30...
Qb5 31. Be2 Rb1+ 32. Kg2 Re1 33. Kh3 Qa6 34. Nxe5 Qb6 35. Nf3 Ra1 36. Rc8+ 1-0